00493 2200193 4500001002100000005001500021008004100036020001800077035001900095041000700114082000800121090001400129100002000143245002500163260004300188300003300231500001000264650002500274INLIS00000000002508120241224131843241224||||||||| | ||| |||| || |  a978-24-5622-8 0010-1224025081 aid0 a634 a634 IRW m0 aIrwan Kurniawan00aMengenal Buah-buahan aBandungbYayasan Nuansa Cendekiac2006 a21x15 cm, iv,52 hlm.; ilus.: aCet.1 0aMengenal Buah-Buahan